00868nam a2200241Ia 450000500170000000800410001702000180005804100080007608200150008410000210009924500520012026000410017230000090021344000060022250000280022865000360025670000210029290600070031394200070032099900170032795201630034495201190050720251121201137.0230125s9999 xx 000 0 und d a9788172246143 aeng a158.1bSHA aSharma R9214902 aMegaliving: From The Monk Who Sold His Ferrari. c2017bJaico Publishing House.aDelhi a163p v1 aPersonality Development aPersonality Development9213420 aSharma R9214902 b29 cBK c95534d95534 00104070aHIMRbHIMRd2018-03-14ePritam Book Centreg199.00i10570l0o158.1 SHA B16638pHIMR-BK-16638r2023-01-25 00:00:00v170.00w2018-03-10yBKzB16638 00102ddc4070aCEWNbCEWNd2023-07-13eFoster Readsl0o158.1 SHApCEWN-CB-0110r2023-07-13 00:00:00w2023-07-13